MARC details
| 000 -LEADER |
| fixed length control field |
01145nam a2200229Ia 4500 |
| 003 - CONTROL NUMBER IDENTIFIER |
| control field |
IN-BaIIA |
| 008 - FIXED-LENGTH DATA ELEMENTS--GENERAL INFORMATION |
| fixed length control field |
211028s9999 xx 000 0 eng d |
| 020 ## - INTERNATIONAL STANDARD BOOK NUMBER |
| International Standard Book Number |
90-277-2522-5 |
| 040 ## - CATALOGING SOURCE |
| Transcribing agency |
IIA Library |
| 080 ## - UNIVERSAL DECIMAL CLASSIFICATION NUMBER |
| Universal Decimal Classification number |
52(082.1) |
| Item number |
ASS-136 |
| 100 ## - MAIN ENTRY--PERSONAL NAME |
| Personal name |
Lamers, Henny J. G. L. M. |
| 9 (RLIN) |
15352 |
| 111 ## - MAIN ENTRY--MEETING NAME |
| Meeting name or jurisdiction name as entry element |
Workshop in Honour of Professor Cees De Jager on the occasion of his 65th birthday on instabilities in luminous early type stars |
| Location of meeting |
Lunteren, Netherlands |
| Date of meeting or treaty signing |
1986 Apr. 21-24 |
| 9 (RLIN) |
15353 |
| 245 #0 - TITLE STATEMENT |
| Title |
Instabilities in luminous early type stars |
| Remainder of title |
proceedings of a workshop in honour of Professor Cees De Jager on the occasion of his 65th birthday on instabilities in luminous early type stars, held in Lunteren, Netherlands, 21-24 April 1986 |
| Statement of responsibility, etc. |
Henny J. G. L. M. Lamers and De Loore, Camiel, W. H. |
| 260 ## - PUBLICATION, DISTRIBUTION, ETC. |
| Place of publication, distribution, etc. |
Dordrecht |
| Name of publisher, distributor, etc. |
D. Reidel Publishing |
| Date of publication, distribution, etc. |
1987 |
| 300 ## - PHYSICAL DESCRIPTION |
| Extent |
xvi, 290p. |
| 490 ## - SERIES STATEMENT |
| Series statement |
Astrophysics and space science library; v. 136 |
| 650 ## - SUBJECT ADDED ENTRY--TOPICAL TERM |
| Topical term or geographic name entry element |
Astronomy and Astrophysics Thesaurus |
| 650 ## - SUBJECT ADDED ENTRY--TOPICAL TERM |
| Topical term or geographic name entry element |
Early type stars |
| 9 (RLIN) |
5343 |
| 650 ## - SUBJECT ADDED ENTRY--TOPICAL TERM |
| Topical term or geographic name entry element |
Wolf-Rayet stars |
| 9 (RLIN) |
7146 |
| 700 ## - ADDED ENTRY--PERSONAL NAME |
| Personal name |
Camiel, W. H. De Loore |
| 9 (RLIN) |
15354 |
| 942 ## - ADDED ENTRY ELEMENTS (KOHA) |
| Koha item type |
Books |